000
00238nam a22001097a 4500
041
_a
ENG
100
_a
Vijaywargiya.U.S
245
_a
Fluid Mechanics
260
_a
Jabalpur
_b
G.k Publishers
_c
1993
650
_a
IDE
856
_u
IDE ( 18 )
999
_c
1493
_d
1493